Centenario Escuela Nacional de Bellas Artes /
Bewaard in:
| Coauteur: | |
|---|---|
| Formaat: | Onbekend |
| Taal: | Spanish |
| Gepubliceerd in: |
[Lugar de publicación no identificado] :
Museo de Arte Costarricense,
1997.
|
| Onderwerpen: | |
| Tags: |
Voeg label toe
Geen labels, Wees de eerste die dit record labelt!
|
MARC
| LEADER | 000000000a22000000004500 | ||
|---|---|---|---|
| 001 | 009911 | ||
| 041 | 0 | |a spa | |
| 082 | 0 | 4 | |a 378.728.6 |b C397p |
| 110 | 2 | |a Museo de Arte Costarricense | |
| 245 | 1 | 0 | |a Centenario Escuela Nacional de Bellas Artes / |c Museo de Arte Costarricense. |
| 260 | 1 | |a [Lugar de publicación no identificado] : |b Museo de Arte Costarricense, |c 1997. | |
| 300 | |a 43 páginas | ||
| 650 | 4 | |a UNIVERSIDAD DE COSTA RICA. FACULTAD DE BELLAS ARTES. ESCUELA DE ARTES PLASTICAS | |
| 999 | |c 15902 |d 15902 | ||
| 942 | |c BK |h 378.728.6 C397p |2 z | ||
